000 00549nam a2200217Ia 4500
005 20260429112250.0
008 260429s9999||||xx |||||||||||||| ||und||
020 _a9783030706074
041 _aEnglish
082 _a514.2
_bBRA
100 _aBray, Clark
245 0 _aAlgebraic topology /
_cClark Bray
250 _a1st ed.
260 _aSwitzerland :
_bSpringer,
_c2021.
300 _axiv, 209 p.; pbk
650 _a Algebra
650 _aTopology
700 _a Butscher, Adrian
700 _a Rubinstein-Salzedo, Simon
942 _cTB
999 _c53209
_d53209